[Event "Gideon Japhet Cup 2018"]
[Site "Jerusalem"]
[Date "2018.07.04"]
[Round "5"]
[White "Gelfand, Boris"]
[Black "Svidler, Peter"]
[Result "1-0"]
[WhiteElo "2674"]
[BlackElo "2747"]
[Annotator "TA"]
[PlyCount "51"]
[EventDate "2018.07.02"]
[EventType "tourn"]
[EventCountry "ISR"]
[SourceTitle "playchess.com"]
[Source "ChessBase"]
[SourceQuality "1"]

{[%evp 14,51,39,18,57,43,58,55,66,68,66,63,100,98,100,52,85,85,87,88,107,85,86,94,197,193,195,203,199,198,255,254,242,250,241,241,245,239,350,343]} 1. d4 Nf6 2. c4 g6 3. g3 c5 4. dxc5 (4. d5 Bg7 5. Nc3 O-O 6. Bg2 d6 7. Nf3 e6 8. O-O exd5 9. cxd5 Re8 10. Re1 Ne4 11. Nxe4 Rxe4 12. Qc2 Re8 13. e4 Bg4 14. Nd2 Na6 15. a3 b5 16. Rb1 c4 17. b4 cxb3 18. Nxb3 {1-0 (41) Grischuk,A (2767)-Svidler,P (2760) Moscow 2018}) 4... Qa5+ 5. Nc3 Bg7 6. Bg2 {E60: King's Indian: Unusual lines and Fianchetto Variation without Nc3} Qxc5 7. Qa4 Ng4 8. Nh3 $1 {LiveBook: 4 Games. White is slightly better.} Nc6 9. Bd2 O-O 10. O-O d6 $146 ({Predecessor:} 10... Qh5 11. Nd5 e6 12. Ndf4 Qc5 {1-0 (38) Berry,N (2283)-Swindells,J (2223) England 2018}) 11. Rac1 Qd4 12. Rfd1 Be6 13. b3 Qb6 14. Qb5 Rfc8 15. Qxb6 axb6 16. Nf4 Bf5 17. Nfd5 {And now h3 would win.} Bd4 18. Be1 {Hoping for Rxd4!} Bc5 {[#]} (18... Bxc3 $16 {keeps fighting.} 19. Nxc3 (19. Bxc3 Rxa2 20. h3 Nge5 $16) 19... Nge5) 19. b4 $1 $18 {[%mdl 512]} Bxb4 20. Nxb4 ({But not} 20. Nxb6 $6 Ba3 $16) 20... Nxb4 21. Bxb7 Rcb8 (21... Ne5 $142 22. Bxc8 Rxc8) 22. Bxa8 Rxa8 23. Rd2 Ne5 24. Rb2 Nbc6 25. Nd5 Ra3 (25... Nd7 $142 26. f3 Be6) 26. Rxb6 {Precision: White = 90%, Black = 28%.} 1-0

[Event "Gideon Japhet Cup 2018"]
[Site "Jerusalem"]
[Date "2018.07.04"]
[Round "5"]
[White "Meier, Georg"]
[Black "Ivanchuk, Vassily"]
[Result "1-0"]
[WhiteElo "2662"]
[BlackElo "2682"]
[Annotator "TA"]
[PlyCount "31"]
[EventDate "2018.07.02"]
[EventType "tourn"]
[EventCountry "ISR"]
[SourceTitle "playchess.com"]
[Source "ChessBase"]
[SourceQuality "1"]

{[%evp 19,31,25,8,13,85,90,133,126,250,243,291,290,501,494]} 1. Nf3 d5 2. g3 c6 3. Bg2 Bf5 4. c4 e6 5. cxd5 exd5 6. O-O Nf6 7. d3 Bc5 {A11: English Opening: 1...c6} 8. Qb3 Bb6 9. Nc3 O-O 10. Na4 Re8 {LiveBook: 4 Games} 11. Re1 Ba5 $146 (11... c5 $11) ({Predecessor:} 11... h6 12. Bd2 c5 13. Qa3 Na6 14. Rac1 Rc8 15. b3 {½-½ (40) Meier,G (2632)-Korneev,O (2582) Stockholm 2016}) 12. Qxb7 $16 {[#] Hoping for b4.} Bxe1 13. Qxa8 Bxf2+ (13... Qa5 $16) 14. Kxf2 $18 Qd7 {[#] Strongly threatening ...Na6.} 15. Nd4 $1 Bh3 $2 (15... Na6 16. Qxc6 Qxc6 17. Nxc6 Bd7) 16. Bf4 1-0

[Event "Gideon Japhet Cup 2018"]
[Site "Jerusalem"]
[Date "2018.07.04"]
[Round "5"]
[White "Muzychuk, Anna"]
[Black "Nepomniachtchi, Ian"]
[Result "1/2-1/2"]
[WhiteElo "2597"]
[BlackElo "2770"]
[Annotator "TA"]
[PlyCount "61"]
[EventDate "2018.07.02"]
[EventType "tourn"]
[EventCountry "ISR"]
[SourceTitle "playchess.com"]
[Source "ChessBase"]
[SourceQuality "1"]

{[%evp 15,61,28,31,23,40,39,58,50,54,43,57,38,38,44,35,33,36,41,28,37,31,30,36,32,46,40,57,43,44,18,26,20,27,26,48,5,5,6,8,2,2,0,0,0,0,0,0,0]} 1. e4 c5 2. Nf3 d6 3. Bb5+ Nd7 4. O-O a6 5. Bd3 Ngf6 6. c3 {B51: Sizilianisch (Rossolimo-Variante)} (6. Re1 b5 7. c3 Bb7 8. Bc2 c4 9. a4 e6 10. axb5 axb5 11. Rxa8 Qxa8 12. Na3 Bxe4 13. Bxe4 Nxe4 {½-½ (35) Mamedov,R (2704)-Karjakin,S (2778) Shamkir 2018}) 6... g6 7. Bc2 Bg7 8. d4 O-O {LiveBook: 8 Partien} 9. a4 b6 10. Re1 e5 11. dxe5 Nxe5 12. Nxe5 dxe5 13. Qxd8 Rxd8 14. c4 $146 Be6 15. b3 b5 16. axb5 axb5 17. Rxa8 Rxa8 18. cxb5 Bf8 19. Na3 Nd7 20. Bb2 f6 21. Rd1 Nb6 22. h3 Rb8 23. Rd3 Kg7 24. Rc3 Nc8 25. Bc1 Na7 {Die Stellung ist ausgeglichen.} 26. Bd3 Bd7 27. b4 Bxb5 28. Nxb5 Nxb5 29. Bxb5 Rxb5 30. bxc5 Bxc5 31. Be3 {Precision: Weiß = 68%, Schwarz = 83%.} 1/2-1/2

[Event "Gideon Japhet Cup 2018"]
[Site "Jerusalem"]
[Date "2018.07.04"]
[Round "6"]
[White "Nepomniachtchi, Ian"]
[Black "Muzychuk, Anna"]
[Result "1/2-1/2"]
[WhiteElo "2770"]
[BlackElo "2597"]
[Annotator "TA"]
[PlyCount "126"]
[EventDate "2018.07.02"]
[EventType "tourn"]
[EventCountry "ISR"]
[SourceTitle "playchess.com"]
[Source "ChessBase"]
[SourceQuality "1"]

{[%evp 22,126,18,5,34,25,47,36,49,0,-6,-39,0,-69,0,14,17,-26,95,58,101,27,21,0,36,0,0,-86,-82,-131,-117,-206,-76,-64,-57,-130,-17,-22,-13,-36,0,-11,-11,-5,0,-18,-24,-8,0,0,6,6,0,23,16,0,0,0,25,8,8,8,8,0,29,36,71,68,37,-33,-29,-12,0,0,0,-13,0,0,0,0,0,-8,0,0,0,0,0,0,0,0,0,0,0,0,0,0,8,8,8,8,42,43,42,41,28,8,8]} 1. Nf3 d5 2. e3 Nf6 3. c4 c6 4. Nc3 e6 5. b3 Bd6 6. Bb2 O-O 7. Be2 Nbd7 8. Qc2 b6 {A11: English Opening: 1...c6} (8... Qe7 9. O-O b6 10. cxd5 cxd5 11. Nb5 Ba6 12. Qd1 Bxb5 13. Bxb5 a6 14. Be2 Ba3 15. Qc1 Bxb2 16. Qxb2 {½-½ (33) Ivanchuk,V (2728)-Duda,J (2707) Tbilisi 2017}) 9. Rg1 Bb7 10. g4 Qe7 11. g5 Ne8 12. h4 {LiveBook: 3 Games} Rc8 $146 ({Predecessor:} 12... e5 13. h5 g6 14. Nh4 Nc5 {½-½ (14) Rahman,Z (2502)-Ankit,R (2397) Nagpur 2012}) 13. h5 Ba3 14. Bxa3 Qxa3 15. cxd5 (15. Rg3 $14) 15... cxd5 $11 16. Bb5 Qe7 17. Qb2 (17. h6 $11) 17... Nd6 ({Black should play} 17... f6 $1 $15 18. Bxd7 Qxd7) 18. Bxd7 $1 Qxd7 19. h6 {[#]} Nf5 (19... d4 $1 $11 {[%mdl 512] keeps the balance.} 20. Nxd4 (20. exd4 Bxf3) 20... e5) 20. Ne2 g6 21. Ng3 {[#]} (21. Ne5 $16 Qd6 22. Ng4) 21... f6 $1 {[%mdl 512]} 22. gxf6 {aiming for Ne5.} Qf7 23. Nh5 {Strongly threatening Ne5.} d4 24. Nxd4 (24. Ne5 $11 {remains equal.} Qc7 25. exd4) 24... Nxh6 25. f4 {[#]} Rc5 $1 {[%cal Rc5h5]} 26. Rg5 (26. Ng7 $17 {was called for.} Qxf6 27. Ngxe6) 26... Nf5 (26... Rxg5 $19 {and Black stays clearly on top.} 27. fxg5 gxh5 28. gxh6 e5) 27. Nxf5 $17 exf5 28. Rc1 {[#]} (28. Rg1 $15) 28... Rfc8 (28... Bf3 $1 $17 29. Rxc5 bxc5) 29. Rxc5 $11 Rxc5 30. b4 Rc8 {[%mdl 1024] Black has compensation.} 31. Ng3 Qd5 ({Avoid the trap} 31... h6 $2 32. Nxf5 Kh7 33. Nd6 $18) 32. Ne2 Kf7 33. Rg1 Qd6 34. Nd4 $132 {[%mdl 2048] White is fighting back} Bd5 35. Nxf5 Qxf6 (35... gxf5 $5 36. Rg7+ $8 Kf8 37. Rxh7 Bg8 $15) 36. Nh6+ Kg7 37. Qxf6+ Kxf6 {[%mdl 4096] Endgame KRB-KRN} 38. Ng4+ Kf5 {And now ...Rc1+ would win.} 39. Ke2 Bxa2 40. Ne5 {Black should prevent Ra1.} Bd5 41. Rg5+ Ke6 42. Ng4 Rc2 {[#]} 43. e4 $1 {[%mdl 512]} Bc4+ (43... Bxe4 44. Re5+) 44. Ke3 Rb2 45. Kd4 (45. d3 $14 Ba2 46. f5+ gxf5 47. exf5+ (47. Rxf5 Rxb4 48. Rh5 a5 $14) 47... Kd6 48. Nf2) 45... Rxb4 $15 46. Kc3 Ra4 47. d4 Be2 {...Rc4+ is the strong threat.} 48. Ne5 a5 49. f5+ gxf5 50. Rxf5 b5 51. d5+ Kd6 52. Nf7+ Ke7 53. d6+ $1 Kd7 {Threatens to win with ...Bc4.} 54. Re5 {Black must now prevent Re7+.} Bg4 55. Re7+ Kc6 56. e5 Rc4+ 57. Kb2 Kd5 58. d7 Bxd7 59. Rxd7+ Ke6 60. Rb7 Rf4 61. Ng5+ Kxe5 62. Rxb5+ Kf6 63. Nxh7+ Kg6 {Precision: White = 53%, Black = 46%.} 1/2-1/2

[Event "Gideon Japhet Cup 2018"]
[Site "Jerusalem"]
[Date "2018.07.04"]
[Round "6"]
[White "Svidler, Peter"]
[Black "Gelfand, Boris"]
[Result "0-1"]
[WhiteElo "2747"]
[BlackElo "2674"]
[Annotator "TA"]
[PlyCount "82"]
[EventDate "2018.07.02"]
[EventType "tourn"]
[EventCountry "ISR"]
[SourceTitle "playchess.com"]
[Source "ChessBase"]
[SourceQuality "1"]

{[%evp 15,82,6,15,-8,0,-54,11,-76,-77,-89,-83,-71,-77,-72,-80,-94,-88,-100,-86,-103,-90,-126,-106,-91,-89,-111,-91,-137,-132,-141,-143,-149,-137,-153,-135,-135,-119,-318,-262,-365,-366,-378,-377,-369,-348,-423,-423,-416,-415,-438,-448,-448,-439,-431,-424,-466,-456,-428,0,-292,-215,-287,-281,-443,-441,-453,-432,-583,-583]} 1. e4 c5 2. Nf3 Nc6 3. Bb5 g6 4. O-O Bg7 5. Re1 Nf6 6. c3 O-O 7. d4 d5 8. e5 Ne4 {LiveBook: 197 Games} 9. dxc5 {B31: Sicilian: 2...Nc6 3 Bb5 g6} (9. Bxc6 bxc6 10. Nbd2 Bf5 11. Nh4 Be6 12. Nxe4 dxe4 13. Rxe4 cxd4 14. cxd4 c5 15. Be3 Qd5 16. Qc2 cxd4 17. Rxd4 Qxe5 18. Nf3 Qb5 {½-½ (45) Fedoseev,V (2664)-Motylev,A (2653) Khanty-Mansiysk 2015}) 9... Bg4 $146 ({Predecessor:} 9... Nxc5 10. Nbd2 Bg4 11. h3 Bxf3 12. Nxf3 e6 13. Bg5 Qc7 14. Bxc6 bxc6 15. Qe2 Ne4 16. Bf4 c5 {1-0 (41) Brnas,A (2305)-Bezmalinovic,D (2132) Croatia 2005}) 10. Bf4 (10. Nbd2 $11) 10... f6 ({Black should play} 10... Bxe5 $15 11. Bh6 Bg7 12. Bxg7 Kxg7) 11. e6 (11. exf6 $11 Bxf6 12. Be3) 11... Nxc5 $17 12. h3 Bxe6 13. Nd4 Nxd4 14. cxd4 Ne4 15. f3 Nd6 16. Rxe6 {Strongly threatening Bxd6.} Nxb5 17. Nc3 Qd7 18. Qe1 Nxc3 ({And not} 18... Nxd4 19. Rxe7 Qc6 20. Rd1 $14) 19. bxc3 Kf7 20. Re3 Rac8 21. Qe2 Rfe8 22. Re1 e6 23. h4 Rc4 24. g4 Qc6 25. Qd2 b5 26. g5 $2 (26. a3 $17) 26... fxg5 27. Be5 Bxe5 28. Rxe5 gxh4 29. Qh6 Kg8 30. f4 Rxc3 31. Qxh4 Rc1 32. f5 Rxe1+ 33. Qxe1 gxf5 $19 {[%mdl 4096] Endgame KQR-KQR} 34. Qh4 Qc7 35. Re2 Re7 36. Kf1 {[#]} Qd7 $2 (36... h5 $1 $19 {White must now prevent ...Qc1+.} 37. Kf2 (37. Qxh5 Qf4+) 37... Rg7 38. Rxe6 Qc2+ 39. Re2 {[#]} Rg2+ $1 {[%mdl 512]} 40. Kxg2 Qxe2+ 41. Qf2 Qxf2+ 42. Kxf2 b4) 37. Qf6 $2 {[%mdl 8192]} (37. Qg3+ $1 $11 {and White is okay.} Kf7 38. Rh2) 37... Rf7 38. Rg2+ Rg7 39. Rc2 {[#]} (39. Rxg7+ $142 Qxg7 40. Qxe6+ Qf7 41. Qc6) 39... f4 $1 {Black is clearly winning.} 40. Qe5 {Threatens to win with Qb8+.} (40. Qxf4 Rf7) 40... Qe8 41. Rf2 Qc8 {Precision: White = 19%, Black = 80%.} 0-1

[Event "Gideon Japhet Cup 2018"]
[Site "Jerusalem"]
[Date "2018.07.04"]
[Round "6"]
[White "Ivanchuk, Vassily"]
[Black "Meier, Georg"]
[Result "1/2-1/2"]
[WhiteElo "2682"]
[BlackElo "2662"]
[Annotator "TA"]
[PlyCount "48"]
[EventDate "2018.07.02"]
[EventType "tourn"]
[EventCountry "ISR"]
[SourceTitle "playchess.com"]
[Source "ChessBase"]
[SourceQuality "1"]

{[%evp 15,48,0,22,-14,22,16,30,-5,-5,-5,-5,-7,-9,-6,-3,-12,-14,-10,-4,-33,0,-15,-16,-22,0,-16,-12,-15,-21,-27,-25,-27,-27,-81,-31]} 1. d4 Nf6 2. Bg5 d5 3. e3 e6 4. c4 Be7 5. Nc3 h6 6. Bh4 O-O 7. Rc1 c5 {D54: Damengambit (Hauptvariante, Abweichungen)} 8. dxc5 dxc4 {LiveBook: 8 Partien} 9. Qc2 Qa5 {Die Stellung ist ausgeglichen.} 10. Bxc4 Qxc5 11. Qe2 $146 ({Vorgänger:} 11. Be2 Nc6 12. Nf3 Bd7 13. O-O Rac8 14. a3 Ne5 15. Qb3 Nxf3+ 16. Bxf3 Bc6 17. Bxf6 Bxf6 18. Ne4 Qb5 19. Qxb5 {½-½ (19) Ivanchuk,V (2726)-Zubov,A (2588) Lvov 2014}) 11... a6 {zielt auf ...b5 ab.} 12. Bd3 b5 {[#] Droht ...Lb7 und aus.} 13. a3 Bb7 14. Nf3 Qh5 15. Bg3 Nbd7 16. O-O Nc5 17. Bc2 Rac8 18. Rfd1 Rfd8 19. Rxd8+ Rxd8 20. Nd4 (20. e4 {is more complex.} Rc8 21. Rd1 Ncd7 22. Qd3 Nf8 23. Ne5) 20... Qxe2 21. Ncxe2 Rc8 22. f3 Nd5 23. e4 Ne3 24. Bf2 (24. b4 $11) 24... Nxc2 {Precision: Weiß = 32%, Schwarz = 70%.} 1/2-1/2

[Event "Gideon Japhet Cup 2018"]
[Site "Jerusalem"]
[Date "2018.07.05"]
[Round "7"]
[White "Nepomniachtchi, Ian"]
[Black "Svidler, Peter"]
[Result "1/2-1/2"]
[WhiteElo "2770"]
[BlackElo "2747"]
[Annotator "TA"]
[PlyCount "98"]
[EventDate "2018.07.02"]
[EventType "tourn"]
[EventCountry "ISR"]
[SourceTitle "playchess.com"]
[Source "ChessBase"]
[SourceQuality "1"]

{[%evp 22,98,20,24,18,20,27,11,13,11,14,16,16,0,0,0,20,0,8,0,1,-8,-8,-8,0,-8,0,-8,-4,-8,-8,-8,0,-8,-8,-8,-8,-8,-9,-8,-8,-12,-11,-11,-11,-11,-10,-12,-12,-6,-12,-12,-12,-16,-22,-91,-69,-232,-137,-139,-164,-526,-543,-446,-163,-312,-243,-301,-18,-25,0,0,0,0,0,0,0,0,0]} 1. e4 e5 2. Nf3 Nc6 3. Bb5 a6 4. Ba4 Nf6 5. O-O Be7 6. d3 b5 7. Bb3 d6 8. a3 {C84: Closed Ruy Lopez: Unusual White 6th moves} Na5 (8... O-O 9. Nc3 Na5 10. Ba2 Be6 11. b4 Bxa2 12. Rxa2 Nc6 13. Bg5 Ng4 14. Bd2 Nf6 15. Bg5 Ng4 16. Bd2 Nf6 17. Bg5 {½-½ (17) Vachier Lagrave,M (2789)-Carlsen,M (2843) Stavanger 2018}) 9. Ba2 c5 10. Nc3 Be6 11. Nh4 O-O 12. Nf5 {LiveBook: 10 Games} Nc6 13. Ne3 Nd7 {[#]} 14. Ncd5 $146 Bg5 15. Bd2 a5 16. a4 b4 17. c3 Rb8 18. Bc4 Bxe3 19. Bxe3 Nb6 20. Nxb6 Qxb6 21. Bxe6 fxe6 22. Qg4 Rbe8 23. Rab1 Qa6 24. Rfd1 Kh8 25. h4 h6 26. Rbc1 Qb6 27. Rb1 Kh7 28. Rbc1 Qa7 29. Rd2 Qf7 30. Qg3 Rc8 31. d4 (31. f3 {seems wilder.} Qe7 32. Rcd1 Qe8 33. Rf1 Qg6 34. Kh2) 31... cxd4 32. cxd4 Nxd4 33. Rxc8 Rxc8 34. Bxd4 exd4 35. Rxd4 $11 {[%mdl 4096] Endgame KQR-KQR} Rc1+ 36. Kh2 Rc2 37. f3 Rxb2 {And now ...Ra2 would win.} 38. Rxd6 Ra2 39. Rd8 $2 {[#]} (39. Qg4 $15) 39... Qe7 (39... Rxa4 40. Qb8 $16) (39... Qf6 $1 $19 {[%cal Rf6d8]} 40. Rb8 Rxa4) 40. Rb8 $17 Rxa4 41. f4 $2 (41. Qf4 {is more resistant.} Qf6 42. Qxf6 gxf6 43. g4) 41... Ra3 $19 42. Qg4 Rd3 $2 (42... Qa7 43. Rd8 Qf7) 43. h5 {[#]} (43. Ra8 {was called for.}) 43... Rd8 $1 {[%cal Rd8b8]} 44. Rb6 Rd6 $2 (44... a4 $19 {Strongly threatening ...a3.} 45. Rxe6 Qf8 46. Qg6+ Kg8) 45. Qg6+ $11 Kh8 {( -> ...Qh4+)} 46. Rxd6 {The position is equal.} Qxd6 47. Qe8+ Kh7 48. e5 $1 {[%cal Re5d6]} Qd4 49. Qg6+ Kh8 {Precision: White = 48%, Black = 54%.} 1/2-1/2

[Event "Gideon Japhet Cup 2018"]
[Site "Jerusalem"]
[Date "2018.07.05"]
[Round "7"]
[White "Muzychuk, Anna"]
[Black "Meier, Georg"]
[Result "0-1"]
[WhiteElo "2597"]
[BlackElo "2662"]
[Annotator "ChessBase"]
[PlyCount "122"]
[EventDate "2018.07.02"]
[EventType "tourn"]
[EventCountry "ISR"]
[SourceTitle "playchess.com"]
[Source "ChessBase"]
[SourceQuality "1"]
[TimeControl "1500+10"]

1. e4 {[%emt 0:09:52]} e6 {[%emt 0:09:51]} 2. d4 {[%emt 0:00:02]} d5 {[%emt 0:00:02]} 3. Nc3 {[%emt 0:00:02]} dxe4 {[%emt 0:00:01]} 4. Nxe4 {[%emt 0:00:04]} Nd7 {[%emt 0:00:01]} 5. Nf3 {[%emt 0:00:04]} Ngf6 {[%emt 0:00:02]} 6. Nxf6+ {[%emt 0:00:03]} Nxf6 {[%emt 0:00:02]} 7. Be3 {[%emt 0:00:05]} Nd5 {[%emt 0:00:18]} 8. Bd2 {[%emt 0:00:25]} c5 {[%emt 0:00:02]} 9. Bb5+ {[%emt 0:00:19]} Bd7 {[%emt 0:00:02]} 10. Bxd7+ {[%emt 0:00:05]} Qxd7 {[%emt 0:00:02]} 11. c4 {[%emt 0:00:13]} Nb6 {[%emt 0:00:04]} 12. Rc1 {[%emt 0:00:18]} f6 {[%emt 0:00:04]} 13. dxc5 {[%emt 0:00:47]} Bxc5 {[%emt 0:00:04]} 14. O-O {[%emt 0:00:27]} Rc8 {[%emt 0:00:03]} 15. Qe2 {[%emt 0:00:16]} O-O {[%emt 0:01:01]} 16. Rfd1 {[%emt 0:00:07]} e5 {[%emt 0:00:27]} 17. Bb4 {[%emt 0:00:29]} Qe7 {[%emt 0:01:31]} 18. Bxc5 {[%emt 0:00:04]} Qxc5 {[%emt 0:00:03]} 19. Nd2 {[%emt 0:00:21]} Rfd8 {[%emt 0:01:25]} 20. h4 {[%emt 0:00:13]} Qc6 {[%emt 0:05:45]} 21. c5 {[%emt 0:04:34]} Nd5 {[%emt 0:00:25]} 22. g3 {[%emt 0:01:07]} Ne7 {[%emt 0:01:38]} 23. Ne4 {[%emt 0:00:28]} Nf5 {[%emt 0:00:55]} 24. h5 {[%emt 0:03:43]} Nd4 {[%emt 0:00:27]} 25. Qe3 {[%emt 0:00:03]} Rc7 {[%emt 0:02:16]} 26. Nd6 {[%emt 0:00:50]} Qd5 {[%emt 0:01:28]} 27. b4 {[%emt 0:00:28]} Qxa2 {[%emt 0:00:12]} 28. Kh2 {[%emt 0:02:07]} Qe2 {[%emt 0:00:47]} 29. Qxe2 {[%emt 0:00:33]} Nxe2 {[%emt 0:00:01]} 30. Ra1 {[%emt 0:00:20]} a6 {[%emt 0:00:01]} 31. h6 {[%emt 0:00:18]} Nd4 {[%emt 0:00:44]} 32. hxg7 {[%emt 0:00:03]} Kxg7 {[%emt 0:00:05]} 33. Kg2 {[%emt 0:00:08]} Kg6 {[%emt 0:00:16]} 34. Rh1 {[%emt 0:00:19]} Nf5 {[%emt 0:00:10]} 35. Nxf5 {[%emt 0:00:52]} Kxf5 {[%emt 0:00:02]} 36. Rh5+ {[%emt 0:00:01]} Ke6 {[%emt 0:00:01]} 37. f4 {[%emt 0:00:18]} e4 {[%emt 0:00:04]} 38. Kf2 {[%emt 0:00:13]} Rd3 {[%emt 0:00:15]} 39. Re1 {[%emt 0:00:03]} Rd4 {[%emt 0:00:22]} 40. g4 {[%emt 0:00:28]} Rg7 {[%emt 0:00:19]} 41. g5 {[%emt 0:00:13]} fxg5 {[%emt 0:00:06]} 42. fxg5 {[%emt 0:00:02]} Rxb4 {[%emt 0:00:08]} 43. Rd1 {[%emt 0:00:04]} Rf7+ {[%emt 0:00:22]} 44. Ke2 {[%emt 0:00:04]} a5 {[%emt 0:00:12]} 45. Rd6+ {[%emt 0:00:06]} Ke7 {[%emt 0:00:01]} 46. Rdh6 {[%emt 0:00:08]} a4 {[%emt 0:00:06]} 47. Rxh7 {[%emt 0:00:01]} Rxh7 {[%emt 0:00:02]} 48. Rxh7+ {[%emt 0:00:02]} Ke6 {[%emt 0:00:01]} 49. c6 {[%emt 0:00:46]} bxc6 {[%emt 0:00:04]} 50. Rc7 {[%emt 0:00:04]} Kf5 {[%emt 0:00:30]} 51. Rxc6 {[%emt 0:00:01]} Kxg5 {[%emt 0:00:02]} 52. Ke3 {[%emt 0:00:00]} Kf5 {[%emt 0:00:03]} 53. Rc5+ {[%emt 0:00:07]} Ke6 {[%emt 0:00:01]} 54. Ra5 {[%emt 0:00:14]} Rc4 {[%emt 0:00:04]} 55. Kd2 {[%emt 0:00:39]} Kd6 {[%emt 0:00:02]} 56. Ke3 {[%emt 0:00:13]} Ke6 {[%emt 0:00:20]} 57. Ke2 {[%emt 0:00:04]} Kd7 {[%emt 0:00:02]} 58. Kd2 {[%emt 0:00:05]} Kc6 {[%emt 0:00:02]} 59. Rh5 {[%emt 0:00:20]} Kb6 {[%emt 0:00:01]} 60. Re5 {[%emt 0:00:16]} a3 {[%emt 0:00:07]} 61. Re8 {[%emt 0:00:04]} Ra4 {[%emt 0:00:10]} 0-1

[Event "Gideon Japhet Cup 2018"]
[Site "Jerusalem"]
[Date "2018.07.05"]
[Round "8"]
[White "Svidler, Peter"]
[Black "Nepomniachtchi, Ian"]
[Result "1-0"]
[WhiteElo "2747"]
[BlackElo "2770"]
[Annotator "TA"]
[PlyCount "55"]
[EventDate "2018.07.02"]
[EventType "tourn"]
[EventCountry "ISR"]
[SourceTitle "playchess.com"]
[Source "ChessBase"]
[SourceQuality "1"]

{[%evp 13,55,4,43,54,37,60,29,42,38,45,57,55,57,55,54,39,53,43,114,118,118,114,122,121,196,212,199,181,265,263,272,270,475,479,646,624,603,581,29969,29970,29970,29971,29971,29972]} 1. Nf3 c5 2. e4 d6 3. Bb5+ Nd7 4. O-O a6 5. Bd3 Ngf6 6. c3 {B51: Sicilian: Moscow Variation (3 Bb5+) without 3...Bd7} (6. Re1 b5 7. c3 Bb7 8. Bc2 c4 9. a4 e6 10. axb5 axb5 11. Rxa8 Qxa8 12. Na3 Bxe4 13. Bxe4 Nxe4 {½-½ (35) Mamedov,R (2704)-Karjakin,S (2778) Shamkir 2018}) 6... b5 7. a4 c4 {LiveBook: 3 Games} 8. Be2 {White is slightly better.} Bb7 9. axb5 axb5 10. Rxa8 Bxa8 11. Na3 Bxe4 12. Nxb5 d5 13. b3 $146 cxb3 $1 14. Qxb3 e6 $1 15. Ba3 {Threatens to win with Nd6+.} Nc5 (15... Bxf3 $1 $14 16. Bxf3 Be7) 16. Qb4 $16 {Ne5 is the strong threat.} Bxf3 17. gxf3 ({Don't take} 17. Bxf3 $6 Nce4 $14) 17... Be7 18. Rb1 Ncd7 (18... Nb7 $16 19. Nc7+ Qxc7 20. Qxb7 Qxb7 21. Rxb7 Bxa3 22. Bb5+ Nd7 $1 {[%mdl 512]}) 19. Nd6+ $18 Kf8 {[#]} 20. Qa4 $1 {aiming for Rb7.} g5 (20... h5 {was worth a try.} 21. Rb7 Kg8) 21. Rb7 {And now Bb5 would win.} Kg7 22. Bb5 {[%cal Rb5d7]} Bxd6 $2 (22... Qa8) 23. Bxd6 Nf8 24. Be7 Qc8 {[#]} 25. Qd4 $1 {[%mdl 512]} e5 {[#]} 26. Qxe5 $1 {[%mdl 512] White mates.} Qe6 27. Bxf8+ Kxf8 28. Rb8+ {Precision: White = 92%, Black = 52%.} 1-0

[Event "Gideon Japhet Cup 2018"]
[Site "Jerusalem"]
[Date "2018.07.05"]
[Round "8"]
[White "Gelfand, Boris"]
[Black "Ivanchuk, Vassily"]
[Result "0-1"]
[WhiteElo "2674"]
[BlackElo "2682"]
[Annotator "TA"]
[PlyCount "58"]
[EventDate "2018.07.02"]
[EventType "tourn"]
[EventCountry "ISR"]
[SourceTitle "playchess.com"]
[Source "ChessBase"]
[SourceQuality "1"]

{[%evp 23,58,13,29,11,25,9,41,37,43,0,0,0,0,0,0,-8,50,51,97,17,14,9,16,-27,-14,-62,-79,-200,-195,-192,-166,-216,-216,-216,-213,-656,-647]} 1. d4 d5 2. Nf3 Nf6 3. c4 c6 4. Nc3 e6 5. e3 Nbd7 6. Qc2 b6 7. Bd3 Bb7 8. O-O Be7 9. b3 O-O 10. Bb2 h6 {D46: Semi-Slav: 5 e3 Nbd7 6 Bd3, Black avoids the Meran} (10... Qc7 11. Rfd1 Rfd8 12. Rac1 Rac8 13. Qe2 Qb8 14. e4 dxe4 15. Nxe4 c5 16. Neg5 cxd4 17. Nxf7 Kxf7 18. Ng5+ {1-0 (81) Fressinet,L (2687)-Le,Q (2718) Almaty 2016}) 11. Rad1 Qc7 12. Qe2 Rad8 {LiveBook: 25 Games. The position is equal.} 13. Rfe1 Rfe8 14. Bb1 $146 ({Predecessor:} 14. a3 c5 15. cxd5 Nxd5 16. Rc1 Qb8 17. Nxd5 Bxd5 18. Bc4 Bb7 19. Bb5 Rf8 {½-½ (29) Haimovich,T (2280)-Erenburg,S (2310) Tel Aviv 1998}) 14... Bf8 15. Ne5 dxc4 16. Nxd7 ({White should play} 16. bxc4 $14 a6 17. a3) 16... Rxd7 $11 17. bxc4 c5 {[%cal Bc6c5,Bc5c4,Bc4c3,Bc3b2][%mdl 32]} 18. d5 exd5 19. Nxd5 Nxd5 (19... Bxd5 $11 20. cxd5 Nxd5) 20. cxd5 $14 {Strongly threatening Qd3.} Bd6 ({Avoid the trap} 20... Bxd5 $2 21. Qd3 $18) 21. g3 ({Better is} 21. Qd3 $16 {Qh7+ would kill now.} g6 22. f4) 21... c4 $11 22. Qc2 $40 {[%mdl 128] White wants to mate with Qh7+. White attacks.} g6 $1 23. Rd4 ({Not} 23. Qc3 $2 Be5 $17) (23. e4 {keeps more tension.} b5 24. Qd2 b4 25. Bd4 Bf8 26. Bc2) 23... Rc8 {White must now prevent ...Be5.} 24. Bc3 b5 25. Qb2 {[#]} (25. Rg4 $17 {was necessary.} Bf8 26. e4) 25... b4 $1 $19 {[%cal Rb4c3][%mdl 512]} 26. Bxb4 c3 27. Bxd6 cxb2 28. Bxc7 Rdxc7 ({But not} 28... Rcxc7 29. d6 $17) 29. Rb4 $2 (29. f4 Rc1 30. Kf1) 29... Rc1 {Precision: White = 30%, Black = 54%.} 0-1